=LDR 00000nam 2200000 4500 =001 INLIS000000000060069 =005 20220103075819 =035 ##$$a 0010-0122000005 =007 ta =008 220103###########################0#ind## =020 ##$$a 978-*979-16873-1-7 =082 ##$$a 297.459 2 =084 ##$$a 297.459 2 Buk b =245 ##$$a Buku Saku untuk Memahami Pandangan Islam Terhadap Koruptor : $b Koruptor, Dunia Akhirat dihukum /$c KPK =300 ##$$a xii,128 halaman ; $c 15 cm =650 #4$$a Korupsi (Islam) =264 ##$$a jakarta :$b Komisis Pemberantasan Korupsi (KPK),$c 2007 =336 ##$$a teks$2 rdacontent =337 ##$$a lain-lain$2 rdamedia =338 ##$$a lain-lain$2 rdacarrier =990 ##$$a 00060006